Anagrammeja - Suomen kaupungit - Statistics

Yleistilastot
  • Tätä visaa on pelattu 4 447 kertaa
    3 450 viimeisimmän päivityksen jälkeen
  • Keskiarvotulos 9 / 15
Vastaustilastot
Vastaus % Oikein
Turku
96%
Kemi
94%
Oulu
94%
Vaasa
94%
Akaa
93%
Pori
93%
Porvoo
93%
Lohja
91%
Rauma
91%
Salo
91%
Jämsä
90%
Maarianhamina
89%
Forssa
88%
Jyväskylä
87%
Kuopio
85%
Espoo
84%
Joensuu
84%
Kotka
84%
Lahti
84%
Raahe
83%
Vantaa
82%
Hanko
81%
Lapua
81%
Keuruu
80%
Kokkola
80%
Kajaani
79%
Kuhmo
79%
Tornio
79%
Tampere
76%
Hamina
74%
Kerava
73%
Kitee
73%
Riihimäki
72%
Mikkeli
71%
Närpiö
71%
Ähtäri
70%
Järvenpää
70%
Kangasala
70%
Kouvola
70%
Nokia
69%
Iisalmi
67%
Kauhava
67%
Hämeenlinna
66%
Kaarina
65%
Helsinki
64%
Virrat
63%
Lappeenranta
62%
Lieto
62%
Kankaanpää
61%
Somero
59%
Karkkila
58%
Kristiinankaupunki
58%
Naantali
58%
Hyvinkää
57%
Paimio
57%
Raisio
57%
Sastamala
57%
Loimaa
56%
Imatra
55%
Pyhäjärvi
55%
Ulvila
54%
Uusikaupunki
54%
Alajärvi
53%
Savonlinna
53%
Laitila
52%
Saarijärvi
52%
Seinäjoki
51%
Varkaus
51%
Parkano
50%
Ylöjärvi
50%
Alavus
49%
Kemijärvi
49%
Kuusamo
49%
Pieksämäki
49%
Kannus
48%
Kurikka
48%
Nurmes
48%
Outokumpu
48%
Lieksa
47%
Uusikaarlepyy
47%
Kokemäki
46%
Pudasjärvi
46%
Rovaniemi
46%
Haapajärvi
45%
Loviisa
45%
Nivala
45%
Harjavalta
42%
Kalajoki
42%
Raasepori
41%
Kauhajoki
40%
Orivesi
40%
Kauniainen
38%
Ylivieska
37%
Mänttä-Vilppula
35%
Heinola
34%
Äänekoski
33%
Haapavesi
33%
Huittinen
32%
Pietarsaari
31%
Kiuruvesi
30%
Valkeakoski
29%
Suonenjoki
27%
Parainen
23%
Viitasaari
23%
Ikaalinen
20%
Orimattila
16%
Kaskinen
15%
Oulainen
14%
Ehtoja vastaavia visoja ei löytynyt
Tulosjakauma
Jokaisen tuloksen saaneiden osuus
Persentiili vastausten määrän mukaan
Tuloshistoriasi
Et ole pelannut tätä visaa sen viimeisimmän päivityksen jälkeen